000 00348nam a2200145Ia 4500
008 150201s2011 xx 000 0 und d
082 _a610
_bH11K
100 _aKUMAR, B. UMESH
245 _aHB, OF MECHANICAL VENTILATION
250 _a1ST
260 _bJAYPEE
_aDELHI
_c2011
300 _a1-262
650 _aGENERAL MEDICINE
942 _2ddc
_cBK
_04
999 _c1668
_d1668